LEADER 00805nas a2200193 i 4500 001 000000026410 003 CaOOAMICUS 005 20180830125447.0 008 180830n fr u0 und u 022 $a2258-2215 040 $aSeMil$bita 240 10$aBibliothèque illustrée des familles.$0(OLS)http://semarc/title/35639 245 10$aBibliothèque d'éducation & de récréation. 260 $aParis :$bJ. Hetzel,$c[186.] 300 $av. ;$c26 cm. 774 0 $aVerne, Jules <1828-1905>$tVoyages extraordinaires.$dParis : Bibliothèque d'education et de récréation, [18-?]$w()8073 996 $6022$a2258-2215$9(OLS)http://semarc/number/1319 996 $6245$aBibliothèque d'éducation & de récréation$9(OLS)http://semarc/title/35638 996 $6260$aParis :$bJ. Hetzel$9(OLS)http://semarc/publisher/32546 LEADER 00933nam a2200229 i 4500 001 000000060602 003 CaOOAMICUS 005 20140512000000.0 008 140512s1970 xx u000 u ger u 013 $a31774 040 $aSeMil$bita 100 1 $aJeremias, Joachim,$d<1900-1979>.$0(OLS)http://semarc/name/1983 245 14$aDie Gleichnisse Jesu /$cJoachim Jeremias. 250 $a8., durchgesehene Aufl. 260 $aGöttingen :$bVandenhoeck & Ruprecht,$c1970. 300 $a243 p. ;$c23 cm. 650 4$aChiesa primitiva e delle origini .$0(OLS)http://semarc/subject/1281 650 4$aGesù Cristo - Ambiente.$0(OLS)http://semarc/subject/8663 850 $aSeMil 852 $aSeMil$W1$xVenegono$y1$m2K III 194$j26755$B26755$CSeMilBibl$Z2$F26758 $81 996 $6245$aDie Gleichnisse Jesu$9(OLS)http://semarc/title/95025 996 $6260$aGöttingen :$bVandenhoeck & Ruprecht$9(OLS)http://semarc/publisher/29697